| 000 | 00738nam a22002297a 4500 | ||
|---|---|---|---|
| 008 | 160318b xxu||||| |||| 00| 0 eng d | ||
| 020 | _a1597564389 | ||
| 040 |
_aKABU _cKABU |
||
| 050 |
_aQP306 _b.S65 2012 |
||
| 100 | _aSmith, Brenda | ||
| 245 |
_aChoral Pedagogy and the Old singerr _cby brenda smith, Robert T. Sataloff |
||
| 260 |
_aOxford _bplural publishing _c2012 |
||
| 300 |
_axx, 343p. _bill. |
||
| 650 |
_avocal cords _xaging |
||
| 650 |
_alarynx _xaging |
||
| 650 |
_avoice _xcare and hygiene |
||
| 650 |
_avoice _xphysiological aspects |
||
| 650 |
_achoral singing _vinstruction and study |
||
| 700 | _aBrenda Smith | ||
| 700 | _aSataloff, Robert T. | ||
| 942 |
_2lcc _cBK _hQP306 .S65 2012 C.1 |
||
| 999 |
_c15861 _d15861 |
||